| 000 | 00473nam a22001817a 4500 | ||
|---|---|---|---|
| 003 | CEME | ||
| 005 | 20210628203037.0 | ||
| 008 | 210129b xxu||||| |||| 00| 0 eng d | ||
| 020 | _a97896935227372 | ||
| 040 | _c. | ||
| 082 | _a891.4391 QAT | ||
| 100 |
_aQateel Shafai _99756 |
||
| 245 | _aRang khushbo roshni , kuliyat e nazmain | ||
| 260 |
_aLAHORE _bSANG-E-MEEL _c2009 |
||
| 300 | _a728P | ||
| 650 |
_aURDU ADAB-POETRY-RANG KHUSHBO ROSHNI _962992 |
||
| 942 |
_cBK _2ddc |
||
| 999 |
_c571943 _d571943 |
||